000 00801nam a2200217 a 4500
003 0
005 20250311141120.0
008 080728s19uu xx 00 eng d
050 _aPGS LB 1065
_b.D631 2008
100 _aDo, Ee Yang.
245 _aThe association between study habits and academic performance of grade 7- ILC SISC students /
_cEe Yang Do.
260 _aLas PiƱas City, Philippines :
_bSouthville International School and Colleges,
_c2008.
300 _a27 pages :
_billustrations ;
_c28 cm.
504 _aIncludes bibliographical references.
650 _aStudy skills.
650 _aLearning strategies.
650 _aAcademic achievement.
650 _aMiddle school students
_vEducation.
650 _aEducation, Secondary
_vStudy and teaching.
942 _2lcc
_cPASS
999 _c97966
_d97966